The international road roughness experiment : (Record no. 6071)

MARC details
000 -LEADER
fixed length control field 01148nac a22002651u 4500
010 ## - LIBRARY OF CONGRESS CONTROL NUMBER
LC control number 85022748
020 ## - INTERNATIONAL STANDARD BOOK NUMBER
International Standard Book Number 0821305891 (pbk.)
082 00 - DEWEY DECIMAL CLASSIFICATION NUMBER
Classification number 625.80287
Item number SAY
090 ## - LOCALLY ASSIGNED LC-TYPE CALL NUMBER (OCLC); LOCAL CALL NUMBER (OCLC)
-- 6071
-- 6071
100 ## - MAIN ENTRY--PERSONAL NAME
Personal name Sayers, M. W.
245 14 - TITLE STATEMENT
Title The international road roughness experiment :
Remainder of title establishing correlation and a calibration standard for measurements /
Statement of responsibility, etc Michael W. Sayers, Thomas D. Gillespie, and Cesar A.V. Queiroz.
260 ## - PUBLICATION, DISTRIBUTION, ETC. (IMPRINT)
Place of publication, distribution, etc Washington, D.C. :
Name of publisher, distributor, etc World Bank,1986
Date of publication, distribution, etc c1986.
300 ## - PHYSICAL DESCRIPTION
Extent ix, 453 p. :
Other physical details ill. ;
Dimensions 28 cm.
440 #0 -
-- World Bank technical paper,
-- no. 45
500 ## - GENERAL NOTE
General note "A collaborative study undertaken by The University of Michigan Transportation Research Institute ... [et al.]."
500 ## - GENERAL NOTE
General note distributer: Al-ahram
504 ## - BIBLIOGRAPHY, ETC. NOTE
Bibliography, etc Bibliography: p. 105-107.
511 ## - PARTICIPANT OR PERFORMER NOTE
Participant or performer note catalogued by: wessam
650 #0 - SUBJECT ADDED ENTRY--TOPICAL TERM
Topical term or geographic name as entry element Roads
General subdivision Riding qualities
-- Measurement.
650 #0 - SUBJECT ADDED ENTRY--TOPICAL TERM
Topical term or geographic name as entry element Surface roughness
General subdivision Measurement.
700 1# - ADDED ENTRY--PERSONAL NAME
Personal name Gillespie, T. D.
Fuller form of name (Thomas D.)
700 1# - ADDED ENTRY--PERSONAL NAME
Personal name Queiroz, Cesar A. V.
710 2# - ADDED ENTRY--CORPORATE NAME
Corporate name or jurisdiction name as entry element University of Michigan.
Subordinate unit Transportation Research Institute.
942 ## - ADDED ENTRY ELEMENTS (KOHA)
Item type Book - Borrowing
Call number prefix 625.80287SAY
Holdings
Withdrawn status Item status Damaged status Not for loan Home library Current library Shelving location Date acquired Source of acquisition Total Checkouts Full call number Barcode Date last seen Koha item type
        Central Library Central Library First floor 07/11/2013 Purchase   625.80287SAY 000007246 15/07/2025 Book - Borrowing